000 01049nam a22002777a 4500
003 DO-SdBNP
005 20180126112157.0
008 900426s 1987 sp spa
020 _a9788434585805
040 _aBPMSU
_bspa
_cBPMSU
092 _axxxxxxx
_bxxxxxxx
100 1 _aKästner, Erich
_d1899-1974
245 1 3 _aEl 35 de mayo o Konrad cabalga por el océano Pacífico
_cErich Kästner ; traducción de Pilar Fernández-Galiano ; ilustraciones de Horst Lemke ; ilustración de la cubierta, Walter Trier
246 1 3 _aEl treinta y cinco de mayo o Konrad cabalga por el Océano Pacífico
260 1 _aBarcelona
_bSalvat
_c1987
300 _a118 p. ;
_bil. :
_c22 cm.
490 1 _aBiblioteca juvenil
_v51
700 1 1 _aFernández-Galiano, Pilar
_etr.
700 1 1 _aLemke, Horst
_eil.
740 3 0 _aEl 35 de mayo
740 0 _aKonrad cabalga por el océano Pacífico
830 0 _aBiblioteca juvenil (Salvat Editores)
_v51
942 _2ddc
_cBK
945 _aInventariado, 2018 / BT
956 _aVMATEO
_210
_320151119
_6BPMSU
_800151
999 _c8818
_d8818